| 000 | 00531cab a2200205 4500 | ||
|---|---|---|---|
| 001 | X575 | ||
| 008 | 090401t1993 xxu||||| |||| 00| 0 eng d | ||
| 035 | _a(Sirsi) u97825 | ||
| 041 | _aeng | ||
| 245 | 4 | _aThe camera never lies: close range photogrammetry | |
| 260 | _c1993 | ||
| 350 | _a0 | ||
| 490 |
_aCS Monthly : General Practice _v2(7) April 1993, 4(1) |
||
| 650 | _aARCHITECTURE | ||
| 650 | _aARCHIVES | ||
| 650 | _aPHOTOGRAPHY | ||
| 690 | _aBUILT ENVIRONMENT-BUILDING INSPECTION | ||
| 942 | _n0 | ||
| 948 | _c04/03/1997 | ||
| 999 |
_c59706 _d59706 |
||